10 Biggest Cities in Order: Portugal - Statistics

General Stats
  • This quiz has been taken 79 times
  • The average score is 4 of 10
Answer Stats
# Answer % Correct
1 Lisbon
100%
2 Porto
99%
5 Braga
48%
7 Coimbra
45%
3 Vila Nova de Gaia
33%
4 Amadora
31%
8 Setubal
28%
6 Funchal
22%
9 Almada
12%
10 Queluz
3%
No matching quizzes found
Score Distribution
Percent of People with Each Score
Percentile by Number Answered
Your Score History
You have not taken this quiz